Art masterpieces
Uloženo v:
| Hlavní autor: | |
|---|---|
| Médium: | Kniha |
| Jazyk: | angličtina |
| Vydáno: |
Nueva York
Garden City Publishing Co., Inc
1949
|
| Vydání: | 1a. ed |
| Edice: | The Permabook of, 62
|
| Témata: | |
| Tagy: |
Přidat tag
Žádné tagy, Buďte první, kdo vytvoří štítek k tomuto záznamu!
|
MARC
| LEADER | 00000cam a2200000 a 4500 | ||
|---|---|---|---|
| 001 | UCF8755 | ||
| 003 | CL-VaPUC | ||
| 008 | 131004e19490000us |||||||||||||||||eng|d | ||
| 082 | 0 | 4 | |a 759 |b BRO |2 21 |
| 100 | 0 | |a Brock, Ray |e author |9 570892 | |
| 245 | 1 | 0 | |a Art masterpieces |
| 250 | |a 1a. ed | ||
| 300 | |a 116 p | ||
| 942 | |c BK | ||
| 945 | |d 20131004 22:02:00 |a dcastane | ||
| 260 | |a Nueva York |b Garden City Publishing Co., Inc |c 1949 | ||
| 650 | 0 | |a Pintura |9 265046 | |
| 650 | 7 | |a HISTORIA DE LA PINTURA |2 CL-VaPUC |9 500518 | |
| 583 | |a last modification |c 20131004 22:02:00 |k Rodrigo Vera | ||
| 490 | 0 | |a The Permabook of, 62 | |
| 999 | |c 353312 |d 353310 | ||
| 952 | |0 0 |1 0 |3 erd |4 0 |6 759_000000000000000_BRO_1949 |7 0 |8 A |9 458450 |a BIBART |b BIBART |d 2019-11-23 |i 5010780 |o 759 BRO 1949 |p 5010780 |r 2025-03-13 |w 2019-11-23 |y BK |z Catalogado en:20131004 |k ART | ||